La juridicidad como principio fundamental y la nueva configuración de las vías de hecho administrativas en la Ley de Bases / (Registro nro. 6287)
[ vista simple ]
| 000 -LEADER | |
|---|---|
| fixed length control field | 01024nabaa22001937a 4500 |
| 003 - CONTROL NUMBER IDENTIFIER | |
| control field | OSt |
| 005 - DATE AND TIME OF LATEST TRANSACTION | |
| control field | 20260129002213.0 |
| 008 - FIXED-LENGTH DATA ELEMENTS--GENERAL INFORMATION | |
| fixed length control field | 190701b xxu||||| |||| 00| 0 spa d |
| 040 ## - CATALOGING SOURCE | |
| Transcribing agency | PJ |
| 100 ## - MAIN ENTRY--PERSONAL NAME | |
| 9 (RLIN) | 6878 |
| Personal name | Garda, Juan B. |
| 245 13 - TITLE STATEMENT | |
| Title | La juridicidad como principio fundamental y la nueva configuración de las vías de hecho administrativas en la Ley de Bases / |
| Statement of responsibility, etc | Juan B. Garda. |
| 300 ## - PHYSICAL DESCRIPTION | |
| Extent | p. 58-79 |
| 500 ## - GENERAL NOTE | |
| General note | Cita: TR LALEY AR/DOC/444/2025 |
| 505 ## - FORMATTED CONTENTS NOTE | |
| Formatted contents note | Sumario: I. Introducción.— II. Origen y tratamiento doctrinario clásico.— III. Nuestro concepto actualizado y sus requisitos integrativos.— IV. La nueva configuración formulada por la Ley de Bases.— V. Perspectiva analítica final. Un balance plausible. |
| 505 ## - FORMATTED CONTENTS NOTE | |
| Title | ¿Te interesa el texto completo? Comunicate al correo: koha@justierradelfuego.gov.ar |
| 650 #0 - SUBJECT ADDED ENTRY--TOPICAL TERM | |
| 9 (RLIN) | 211 |
| Topical term or geographic name as entry element | DERECHO ADMINISTRATIVO |
| 773 0# - HOST ITEM ENTRY | |
| Host Biblionumber | 2842 |
| Host Itemnumber | 3251 |
| Place, publisher, and date of publication | Buenos Aires : AbeledoPerrot, 2012- |
| Other item identifier | DA121 |
| Title | Derecho administrativo. Nº 158 marzo/abril 2025 |
| International Standard Book Number | 18510590 |
| 942 ## - ADDED ENTRY ELEMENTS (KOHA) | |
| Source of classification or shelving scheme | |
| Koha item type | Analítica Artículo de Revista |
No hay ítems disponibles.
